Gares sur la ligne de Paris au Havre - Statistiques

Statistiques générales
  • Ce quiz a été pris 24 fois
  • Le résultat moyen est 16 sur 42
Statistiques - réponses
Département Gare % Correct
(78) Mantes-la-Jolie
90%
Seine-Maritime (76) Le Havre
86%
Paris (75) Paris-Saint-Lazare
86%
(76) Rouen-Rive-Droite
67%
(78) Poissy
62%
(76) Yvetot
52%
(78) Les Mureaux
48%
Seine-Maritime (76) Oissel
48%
Paris (75) Pont Cardinet
48%
(78) Sartrouville
48%
(27) Val-de-Reuil
48%
Eure (27) Vernon - Giverny
48%
Yvelines (78) Bonnières
43%
(76) Bréauté - Beuzeville
43%
(78) Maisons-Laffitte
43%
(92) Asnières-sur-Seine
38%
Hauts-de-Seine (92) Clichy - Levallois
38%
(78) Rosny-sur-Seine
38%
(78) Achères - Grand-Cormier
33%
(78) Aubergenville - Elisabethville
33%
(76) Barentin
33%
(76) Harfleur
33%
Yvelines (78) Houilles - Carrières-sur-Seine
33%
(78) Mantes-Station
33%
(76) Saint-Etienne-du-Rouvray
33%
(76) Sotteville
33%
(78) Vernouillet - Verneuil
33%
(92) Bécon-les-Bruyères
29%
(27) Gaillon - Aubevoye
29%
Hauts-de-Seine (92) La Garenne-Colombes
29%
(78) Les Clairières de Verneuil
29%
Eure (27) Pont-de-l'Arche
29%
(78) Epône - Mézières
24%
(92) Les Vallées
24%
(76) Pavilly
24%
(78) Villennes-sur-Seine
24%
(76) Maromme
19%
(76) Etainhus - Saint-Romain
10%
(76) Foucart - Alvimare
10%
(76) Malaunay - Le Houlme
10%
(76) Motteville
10%
(76) Saint-Laurent - Gainneville
10%
Aucun quiz correspondant
Distribution des résultats
% des personnes avec chaque résultat
Percentile par nombre de réponses
Votre historique - résultats
Vous n’avez pas pris ce quiz